00782nac a22002051u 4500020001500000082002000015090001500035100003400050245012500084260003900209300003100248500002600279504005000305511002600355700001600381700002200397942002200419999001500441952012000456 a140510743X a330.015195bMCA c5283d5283 a20080729  aContributions to financial econometrics :b theoretical and practical issues /c edited by Michael McAleer and Les Oxley aOxford :b Blackwell, 2002.c2002 a256 p. :b ill. ;c 25 cm. adistributer: Al-Ahram aIncludes bibliographical references and index acatalogued by: wessam aOxley, Les. aMcAleer, Michael. cBBk330.015195MCA c5283d5283 00104070aMAINbMAINc1STd2007-11-14ePurchasel1o330.015195MCAp000006615r2025-07-15 00:00:00s2024-03-05yBB